| 000 | 01088nam0a22002891 4500 | ||
|---|---|---|---|
| 001 | rc\4543341 | ||
| 005 | 20260405103424.0 | ||
| 021 |
_aRU _b[57-9780] |
||
| 035 | _a(NLR Aleph) 008636873 | ||
| 090 |
_a8917623 _c8917623 |
||
| 100 | _a20130416d1957 |||y0rusy50 ca | ||
| 101 | 0 | _arus | |
| 102 | _aRU | ||
| 105 | _aa z ||||| | ||
| 200 | 1 |
_aВосьмерка дружных _e[Команда гребцов спорт. о-ва "Крылья Советов"] |
|
| 210 |
_aМосква _cФизкультура и спорт _d1957 |
||
| 215 |
_a96 с. _cил. _d20 |
||
| 300 | _aПеред загл. авт.: А. Комаров, Е. Самсонов, заслуж. мастера спорта | ||
| 606 |
_aГребля _2psbo |
||
| 700 | 1 |
_8rus _7ca _aКомаров _bА. Ф. _cспортсмен _f1921-2013 _gАлексей Филиппович _3RU\NLR\AUTH\7739066 _922050 |
|
| 701 | 1 |
_aСамсонов _bЕ.Б. _gЕвгений Борисович |
|
| 801 | 0 |
_aRU _bNLR _gpsbo |
|
| 801 | 1 |
_aRU _bELAR _2rusmarc |
|
| 852 |
_aNLR _j57-4/2677 |
||
| 942 | _cBOOK | ||
| 980 | _aNB | ||